000 00470nam a2200181Ia 4500
008 180207s9999 xx 000 0 und d
020 _a9780440847373
050 _bD419 1992
100 _aDePaola, Tomie
245 _aFin M'Coul :
245 _bthe giant of knockmany hill /
245 _cretold and illustrated by Tomie DePaola.
260 _aNew York :
260 _bTrumpet Club,
260 _c1992
300 _aunpaged :
300 _bcolor illustration ;
999 _c355271
_d355271